000 01020nam a2200313Ia 4500
003 OSt
005 20221007123324.0
006 a|||||r|||| 00| 0
007 ta
008 221006b |||||||| |||| 00| 0 eng d
020 _a3764357053 (Berlin:hbd)
024 _a6553
037 _bAshutosh,
_cTextual
040 _aPAPL
_cPAPL
_beng
041 _2eng
_aeng
082 _aC.5961f4,S, N9
100 _aMarage Pierre Ed
_9717086
245 0 _aSolvay Councils and the birth of modern physics ed by Pierre Marage and Gregoire Wallenborn
_b Wallenborn Gregoire Ed
260 _aBasel
_bBirkhauser Verlag
_c1999
300 _axiii,224p
_ccm.
490 _aScience networks - historical studies; 22
500 _aIndex 218-223p
650 _a History
650 _a Solvay Council
_9717087
650 _aPhysics
700 _a Wallenborn Gregoire Ed
_9717088
942 _hC.5961f4,S, N9
_cTEXL
_2CC
999 _c1211695
_d1211695